Statystyki dla Wszyscy kierowcy Formuły 1 na podium

Kliknij tutaj aby rozwiązać quiz!

Ogólne statystyki

  • Ten quiz został rozwiązany 18 razy
  • Średni wynik to 51 z 215

Statystyki odpowiedzi

NarodowośćPodiaZawodnik% Poprawnych
Hiszpania103Fernando Alonso
100%
Wielka Brytania193Lewis Hamilton
100%
Niemcy155Michael Schumacher
100%
Niemcy27Ralf Schumacher
100%
Polska12Robert Kubica
100%
Wielka Brytania50Jenson Button
94%
Holandia2Jos Verstappen
94%
Holandia84Max Verstappen
94%
Niemcy122Sebastian Vettel
94%
Meksyk30Sergio Perez
94%
Brazylia80Ayrton Senna
88%
Finlandia103Kimi Raikkonen
88%
Finlandia67Valtteri Bottas
88%
Francja106Alain Prost
82%
Hiszpania15Carlos Sainz
82%
Monako25Charles Leclerc
82%
Australia32Daniel Ricciardo
82%
Francja3Esteban Ocon
82%
Brazylia41Felipe Massa
82%
Australia42Mark Webber
82%
Finlandia17Keke Rosberg
76%
Niemcy57Nico Rosberg
76%
Austria54Niki Lauda
76%
Francja3Pierre Gasly
76%
Tajlandia2Alexander Albon
71%
Wielka Brytania42Damon Hill
71%
Rosja3Daniil Kvyat
71%
Wielka Brytania10George Russell
71%
Wielka Brytania36Graham Hill
71%
Niemcy8Jochen Mass
71%
Dania1Kevin Magnussen
71%
Kanada3Lance Stroll
71%
Finlandia51Mika Hakkinen
71%
USA16Phil Hill
71%
Brazylia68Rubens Barrichello
71%
Finlandia4Heikki Kovalainen
65%
Kolumbia30Juan Pablo Montoya
65%
Wielka Brytania6Lando Norris
65%
Brazylia1Nelsinho Piquet
65%
Brazylia60Nelson Piquet
65%
Argentyna35Juan Manuel Fangio
59%
Wenezuela1Pastor Maldonado
59%
Wielka Brytania62David Coulthard
53%
Kanada13Gilles Villeneuve
53%
Kanada23Jacques Villeneuve
53%
Francja10Romain Grosjean
47%
Nowa Zelandia27Bruce McLaren
41%
Brazylia35Emerson Fittipaldi
41%
Włochy19Giancarlo Fisichella
41%
Włochy20Giuseppe Farina
41%
Wielka Brytania23James Hunt
41%
USA19Mario Andretti
41%
USA1Michael Andretti
41%
Wielka Brytania43Jackie Stewart
35%
Włochy11Jarno Trulli
35%
Niemcy13Nick Heidfeld
35%
Wielka Brytania59Nigel Mansell
35%
Rosja1Vitaliy Petrov
35%
Włochy17Alberto Ascari
29%
Austria48Gerhard Berger
29%
Australia14Jack Brabham
29%
Belgia25Jacky Ickx
29%
Francja32Jean Alesi
29%
RPA33Jody Scheckter
29%
Japonia1Kamui Kobayashi
29%
Japonia1Takuma Sato
29%
Australia24Alan Jones
24%
Austria13Jochen Rindt
24%
Niemcy3Timo Glock
24%
Austria3Alexander Wurz
18%
Argentyna45Carlos Reutemann
18%
Nowa Zelandia33Denny Hulme
18%
Wielka Brytania32Jim Clark
18%
Belgia1Lucien Bianchi
18%
Hiszpania1Pedro de la Rosa
18%
Włochy37Riccardo Patrese
18%
Szwecja10Ronnie Peterson
18%
Nowa Zelandia11Chris Amon
12%
Szwajcaria28Clay Regazzoni
12%
Wielka Brytania4Derek Warwick
12%
Wielka Brytania26Eddie Irvine
12%
Szwecja4Gunnar Nilson
12%
Niemcy18Heinz-Harald Frentzen
12%
Francja32Jacques Laffite
12%
Włochy7Luigi Musso
12%
Finlandia2Mika Salo
12%
Wielka Brytania18Mike Hawthorn
12%
Francja5Olivier Panis
12%
Meksyk7Pedro Rodriguez
12%
Wielka Brytania24Stirling Moss
12%
Portugalia1Tiago Monteiro
12%
Japonia1Aguri Suzuki
6%
Włochy9Alessandro Nannini
6%
Hiszpania1Alfonso de Portago
6%
Włochy5Andrea de Cesaris
6%
USA2Bill Vukovich
6%
USA1Bob Sweikert
6%
Włochy1Bruno Giacomelli
6%
Argentyna1Carlos Menditeguy
6%
Brazylia6Carlos Pace
6%
Włochy2Cesare Perdisa
6%
USA19Dan Gurney
6%
Francja13Didier Pironi
6%
USA9Eddie Cheever
6%
Włochy9Elio de Angelis
6%
Francja1Eric Bernard
6%
Włochy3Eugenio Castellotti
6%
Włochy1Giancarlo Baghetti
6%
Włochy1Gianni Morbidelli
6%
Niemcy2Hans Joachim Stuck
6%
USA2Harry Schell
6%
Francja1Henri Pescarolo
6%
Wielka Brytania4Innes Ireland
6%
Włochy3Ivan Capelli
6%
Wielka Brytania2Jackie Oliver
6%
Francja9Jean Behra
6%
Francja8Jean-Pierre Beltoise
6%
Francja2Jean-Pierre Jabouille
6%
Francja3Jean-Pierre Jarier
6%
USA4Jim Rathmann
6%
Finlandia1JJ Lehto
6%
Szwecja1Joakim Bonnier
6%
Rodezja1John Love
6%
USA1Johnnie Parsons
6%
USA1Johnny Thomson
6%
Wielka Brytania24John Surtees
6%
Wielka Brytania7Johny Herbert
6%
Argentyna15Jose Froilan Gonzalez
6%
Szwajcaria6Jo Siffert
6%
Włochy8Lorenzo Bandini
6%
Monako1Louis Chiron
6%
Włochy1Ludovico Scarfiotti
6%
Włochy6Luigi Fagioli
6%
Włochy8Luigi Villoresi
6%
Wielka Brytania3Mark Blundell
6%
Wielka Brytania9Martin Brundle
6%
Francja10Maurice Trintignant
6%
Brazylia1Mauricio Gugelmin
6%
USA1Mauri Rose
6%
Włochy23Michele Alboreto
6%
Argentyna2Onofre Marimon
6%
Francja19Patrick Depailler
6%
Francja2Patrick Tambay
6%
Belgia1Paul Frere
6%
USA1Paul Russo
6%
Wielka Brytania9Peter Collins
6%
Wielka Brytania1Peter Gethin
6%
USA8Peter Revson
6%
Wielka Brytania1Peter Whitehead
6%
Włochy5Piero Taruffi
6%
Szwecja1Reine Wisell
6%
Francja22Rene Arnoux
6%
Francja2Robert Manzon
6%
Niemcy1Rolf Stommelen
6%
USA4Sam Hanks
6%
Szwecja12Stefan Johansson
6%
Włochy2Stefano Modena
6%
Wielka Brytania2Stuart Lewis-Evans
6%
Belgia15Thierry Boutsen
6%
Wielka Brytania10Tony Brooks
6%
RPA3Tony Maggs
6%
Wielka Brytania1Trevor Taylor
6%
USA1Troy Ruttman
6%
Włochy2Umberto Maglioli
6%
Włochy1Vittorio Brambilla
6%
Belgia1Willy Mairesse
6%
Niemcy6Wolfgang von Trips
6%
USA1Art Cross
0%
USA1Bill Holland
0%
Wielka Brytania1Bob Anderson
0%
Wielka Brytania1Brian Redman
0%
Wielka Brytania1Cliff Allison
0%
USA1Don Freeland
0%
Włochy1Dorino Serafini
0%
USA1Duane Carter
0%
Włochy2Felice Bonetto
0%
Francja13Francois Cevert
0%
USA1George Amick
0%
USA1George Follmer
0%
Niemcy1Hans Herrmann
0%
USA2Jack McGrath
0%
USA3Jimmy Bryan
0%
USA1Jimmy Davies
0%
USA1Johnny Boyd
0%
Francja1Johnny Servon-Gavin
0%
Wielka Brytania20John Watson
0%
Niemcy2Karl Kling
0%
USA1Lee Wallard
0%
Francja2Louis Rosier
0%
USA1Manny Ayulo
0%
USA1Mark Donohue
0%
USA3Masten Gregory
0%
Wielka Brytania2Mike Hailwood
0%
USA1Mike Nazaruk
0%
Wielka Brytania2Mike Parkes
0%
Wielka Brytania1Mike Spence
0%
Włochy1Nicola Larini
0%
Belgia2Olivier Gendebien
0%
USA1Pat Flaherty
0%
USA1Paul Goldsmith
0%
Wielka Brytania2Peter Arundell
0%
Francja1Philippe Streiff
0%
Wielka Brytania2Piers Courage
0%
Wielka Brytania1Reg Parnell
0%
Wielka Brytania1Richard Attwood
0%
USA14Richie Ginther
0%
Brazylia1Roberto Moreno
0%
USA2Rodger Ward
0%
Wielka Brytania1Ron Flockhart
0%
Wielka Brytania2Roy Salvadori
0%
Szwajcaria2Rudi Fischer
0%
Włochy2Teo Fabi
0%
Australia1Tim Schenken
0%
Wielka Brytania2Tom Pryce
0%
USA1Tony Bettenhausen
0%

Rozkład punktacji

Percentyl według liczby udzielonych odpowiedzi

Procent ludzi z każdym wynikiem

Twoja historia wyników

Nie rozwiązałeś tego quizu